[Event "Dov Porath Memorial"]
[Site "Givataim"]
[Date "2000.09.??"]
[Round "1"]
[White "Tsesarsky, Ilya"]
[Black "Shakhovich Lisin, Mikhail"]
[Result "1-0"]
[WhiteElo "2489"]
[BlackElo "2280"]
[PlyCount "25"]
[EventDate "2000.09.??"]
[EventType "swiss"]
[EventRounds "7"]
[EventCountry "ISR"]
[SourceTitle "EXT 2006"]
[Source "ChessBase"]
[SourceDate "2005.11.24"]
[SourceVersion "1"]
[SourceVersionDate "2005.11.24"]
[SourceQuality "1"]

1. Nf3 Nf6 2. c4 g6 3. Nc3 Bg7 4. e4 d6 5. d4 Nbd7 6. Be2 0-0 7. 0-0 e5 8. Qc2 c6 9. Rd1 Qc7 10. Rb1 exd4 11. Nxd4 Nc5 12. b4 Ncxe4 13. Nxe4 1-0